Conversación de Filareto y Aristo

Uloženo v:
Podrobná bibliografie
Hlavní autor: Leibniz, Gottfried Wilhelm (Autor)
Médium: Kniha
Jazyk:španělština
Vydáno: Madrid Ediciones Encuentro 2005
Edice:Opuscula Philosophica, 22
Témata:
Tagy: Přidat tag
Žádné tagy, Buďte první, kdo vytvoří štítek k tomuto záznamu!

MARC

LEADER 00000nam a2200000 a 4500
001 UCG6130
003 CL-VaPUC
008 110407e20050000SP |||||||||||||||||spa|d
020 |a 8474904714 
082 0 4 |a 110  |b LEI  |2 21 
100 |a Leibniz, Gottfried Wilhelm   |e author  |9 429654 
245 1 0 |a Conversación de Filareto y Aristo 
300 |a 41 p 
942 |c BK 
945 |d 20110407 00:00:00  |a dcastane 
260 |a Madrid  |b Ediciones Encuentro  |c 2005 
650 0 |a Filosofía alemana   |9 265002 
650 0 |a Metafísica  |9 265649 
650 7 |a FILOSOFOS ALEMANES  |2 CL-VaPUC  |9 556150 
650 0 |a Religión   |9 255164 
583 |a last modification  |c 20110407 00:00:00  |k Rodrigo Vera 
490 0 |a Opuscula Philosophica, 22 
999 |c 344417  |d 344415 
952 |0 0  |1 0  |4 0  |6 110_000000000000000_LEI_2005  |7 0  |8 A  |9 442382  |a BIBEDU  |b BIBEDU  |d 2019-11-22  |i 4765443  |o 110 LEI 2005  |p 4765443  |r 2019-11-22  |w 2019-11-22  |y BK  |k FIL